| 000 | 00000cas 2200000za 4500 |
| 001 | 9.504306 |
| 003 | CaOODSP |
| 005 | 20260220154249 |
| 007 | cr ||||||||||| |
| 008 | 150406c20159999oncar p o f0 b0fre|d |
| 022 | |a2368-6081 |
| 040 | |aCaOODSP|bfre |
| 043 | |an-cn--- |
| 086 | 1 |aPS35-7F-PDF |
| 245 | 00|aCodification ministérielle du tarif des douanes |h[ressource électronique]. |
| 260 | |a[Ottawa] : |bAgence des services frontaliers du Canada, |c2015- |
| 310 | |aAnnuel |
| 362 | 1 |aParaît depuis 2015. |
| 500 | |aPubl. aussi en anglais sous le titre : Departmental consolidation of the customs tariff. |
| 692 | 07|2gccst|aDouanes |
| 710 | 2 |aAgence des services frontaliers du Canada. |
| 775 | 08|tDepartmental consolidation of the customs tariff |w(CaOODSP)9.507928 |
| 780 | 00|tTarif des douanes, codification ministérielle |w(CaOODSP)9.501421 |